| 000 | 01252nam a2200337 i 4500 | ||
|---|---|---|---|
| 001 | 10937 | ||
| 003 | KOSZ 005 | ||
| 005 | 20210413135532.0 | ||
| 008 | 990506s1961 pl a f d |000 0 ger | ||
| 015 | _aPB 1961/8294 | ||
| 035 | _a(OCoLC)830238526 | ||
| 040 |
_aWA N _cKOSZ 005/EG _dKOSZ 005/EG |
||
| 041 | 0 |
_ager _apol |
|
| 046 | _k1961 | ||
| 080 | _a624 | ||
| 080 | _a69 | ||
| 080 | _a(038) | ||
| 245 | 0 | 0 |
_aSłownik inżynieryjno-budowlany niemiecko-polski = _bDeutsch-polnisches Fachwörterbuch für Bauwesen / _c[materiał zebr. i oprac. L. Bar et al.] ; red. W. Wrzesień. |
| 246 | 3 | 1 | _aDeutsch-polnisches Fachwörterbuch für Bauwesen. |
| 260 |
_aWarszawa : _bWydawnictwa Naukowo-Techniczne, _c1961 |
||
| 300 |
_a[8], 582 s., [2] k. tabl. : _berr. ; _c21 cm. |
||
| 380 | _aKsiążki. | ||
| 650 | 4 |
_aBudownictwo _xterminologia. |
|
| 655 | 4 | _aSłownik terminologiczny | |
| 655 | 4 | _aSłownik niemiecko-polski | |
| 700 | 1 |
_aWrzesień, Wacław. _eRedakcja |
|
| 710 | 2 |
_aWydawnictwa Naukowo-Techniczne _4pbl. |
|
| 700 | 1 |
_aBar, Ludwik _d(1906-1999) _eOpracowanie |
|
| 856 |
_uhttp://koha.tu.koszalin.pl/cgi-bin/koha/opac-detail.pl?biblionumber=10937 _yKatalog online BPK |
||
| 942 |
_2UKD _cKS |
||
| 999 |
_c10937 _d10937 |
||